[Event "CRO-chT2 Center 25th"]
[Site "Croatia"]
[Date "2016.10.23"]
[Round "10.24"]
[White "Heged, Vlado"]
[Black "Purgar, Ivona"]
[Result "1-0"]
[WhiteElo "2107"]
[BlackElo "2171"]
[PlyCount "95"]
[EventDate "2016.03.13"]
[EventType "team-tourn"]
[EventRounds "11"]
[EventCountry "CRO"]
[SourceTitle "EXT 2019"]
[Source "ChessBase"]
[SourceDate "2018.10.10"]
[SourceVersion "1"]
[SourceVersionDate "2018.10.10"]
[SourceQuality "1"]

1. e4 c5 2. Nc3 Nc6 3. g3 g6 4. Bg2 Bg7 5. d3 d6 6. Be3 e6 7. Qd2 Nd4 8. Nd1 Ne7 9. c3 Ndc6 10. Bh6 Bxh6 11. Qxh6 Ne5 12. Qd2 Rb8 13. Ne3 b5 14. f4 Nd7 15. h4 h5 16. Nf3 Nf6 17. 0-0 0-0 18. Bh3 d5 19. e5 Ne8 20. d4 Qb6 21. Rf2 Ng7 22. g4 b4 23. dxc5 Qxc5 24. Nd4 bxc3 25. bxc3 Bd7 26. f5 exf5 27. gxf5 gxf5 28. Raf1 Rb6 29. Kh1 Qc7 30. Bxf5 Nexf5 31. Ndxf5 Bxf5 32. Nxf5 Qxe5 33. Re1 Qc7 34. Rg2 Rg6 35. Ne7+ Kh7 36. Nxg6 fxg6 37. Qg5 Qd6 38. Qe7 Qxe7 39. Rxe7 a6 40. Rb2 Kg8 41. Rb6 Rf4 42. Rxg6 Rxh4+ 43. Kg2 Rg4+ 44. Rxg4 hxg4 45. Ra7 Kf8 46. Kg3 Ne6 47. Kxg4 Nc5 48. Kf5 1-0

[Event "CRO-chT2 Center 25th"]
[Site "Croatia"]
[Date "2016.03.13"]
[Round "2.45"]
[White "Heged, Vlado"]
[Black "Margeta, Zeljko"]
[Result "1-0"]
[WhiteElo "2107"]
[BlackElo "2084"]
[PlyCount "127"]
[EventDate "2016.03.13"]
[EventType "team-tourn"]
[EventRounds "11"]
[EventCountry "CRO"]
[SourceTitle "EXT 2019"]
[Source "ChessBase"]
[SourceDate "2018.10.10"]
[SourceVersion "1"]
[SourceVersionDate "2018.10.10"]
[SourceQuality "1"]

1. e4 c5 2. Nc3 d6 3. g3 Nf6 4. Bg2 g6 5. d3 Bg7 6. h3 Nc6 7. Be3 Bd7 8. Qd2 Rb8 9. Nge2 b5 10. 0-0 a5 11. Rae1 0-0 12. g4 b4 13. Nd1 Be6 14. b3 Qc7 15. f4 Bd7 16. f5 Ne5 17. Bh6 Kh8 18. Bxg7+ Kxg7 19. Ne3 Bc6 20. Nf4 g5 21. Ned5 Bxd5 22. Nxd5 Nxd5 23. Qxg5+ Kh8 24. exd5 f6 25. Qf4 Rg8 26. Re3 Rg5 27. Rg3 Rbg8 28. Bf3 h5 29. Kh2 hxg4 30. hxg4 Kg7 31. Rh3 Kf7 32. Rg1 Qd8 33. Rh7+ Ke8 34. Be2 Kd7 35. Rg3 Qf8 36. d4 cxd4 37. Qxd4 Qb8 38. a4 bxa3 39. Qa4+ Kd8 40. Qxa5+ Ke8 41. Qxa3 R5g7 42. Rxg7 Rxg7 43. Qa4+ Kf8 44. Qf4 Rg5 45. Rh3 Qc7 46. c4 Qa5 47. Rh8+ Kg7 48. Rh5 Nf7 49. Qe3 Rxh5+ 50. gxh5 Ne5 51. h6+ Kh7 52. Bh5 Qa2+ 53. Kh3 Qb1 54. Bg6+ Kh8 55. Kg3 Qd1 56. Kg2 Qg4+ 57. Qg3 Qe4+ 58. Kg1 Nf3+ 59. Kf2 Ng5 60. Qe3 Qh4+ 61. Kg2 Qg4+ 62. Kf1 Qd1+ 63. Kf2 Qc2+ 64. Kg3 1-0

[Event "CRO-chT2 Center 23rd"]
[Site "Grubisno Polje"]
[Date "2014.04.06"]
[Round "6.3"]
[White "Jukic, Zeljko"]
[Black "Heged, Vlado"]
[Result "1/2-1/2"]
[WhiteElo "2257"]
[BlackElo "2125"]
[PlyCount "62"]
[EventDate "2014.03.02"]
[EventType "team-match"]
[EventRounds "11"]
[EventCountry "CRO"]
[SourceTitle "EXT 2016"]
[Source "ChessBase"]
[SourceDate "2015.10.08"]
[SourceVersion "1"]
[SourceVersionDate "2015.10.08"]
[SourceQuality "1"]

1. d4 d5 2. c4 e6 3. Nc3 Nf6 4. Bg5 Be7 5. e3 c6 6. Nf3 Nbd7 7. cxd5 exd5 8. Qc2 0-0 9. Bd3 h6 10. Bh4 Re8 11. 0-0 Ne4 12. Bxe7 Qxe7 13. Bxe4 dxe4 14. Nd2 Nf6 15. h3 Bd7 16. Rab1 g6 17. Nb3 Kg7 18. Nc5 b6 19. Nxd7 Qxd7 20. Rfc1 Rac8 21. Qe2 h5 22. a4 Nd5 23. Nxd5 cxd5 24. b3 Re6 25. Qa6 Rec6 26. Rxc6 Rxc6 27. a5 Qc8 28. Qxc8 Rxc8 29. axb6 axb6 30. Rb2 Rc6 31. Kh2 Kf6 1/2-1/2

[Event "CRO-chT2 Center 23rd"]
[Site "Grubisno Polje"]
[Date "2014.03.16"]
[Round "4.4"]
[White "Sokac, Marko"]
[Black "Heged, Vlado"]
[Result "1-0"]
[WhiteElo "2063"]
[BlackElo "2125"]
[PlyCount "45"]
[EventDate "2014.03.02"]
[EventType "team-match"]
[EventRounds "11"]
[EventCountry "CRO"]
[SourceTitle "EXT 2016"]
[Source "ChessBase"]
[SourceDate "2015.10.08"]
[SourceVersion "1"]
[SourceVersionDate "2015.10.08"]
[SourceQuality "1"]

1. e4 e6 2. d4 d5 3. Nc3 Bb4 4. e5 Ne7 5. a3 Bxc3+ 6. bxc3 c5 7. Qg4 0-0 8. Bd3 Nbc6 9. Qh5 Nf5 10. Nf3 c4 11. g4 cxd3 12. gxf5 f6 13. Rg1 exf5 14. Bh6 Rf7 15. Kd2 Be6 16. Bxg7 Rxg7 17. Rxg7+ Kxg7 18. Rg1+ Kh8 19. Nh4 Qe8 20. Qh6 Qf7 21. Ng6+ Kg8 22. exf6 Qxf6 23. Nf8+ 1-0

[Event "Velika Gorica op 11th"]
[Site "Velika Gorica"]
[Date "2013.08.29"]
[Round "9"]
[White "Heged, Vlado"]
[Black "Zigovecki, Vladimir"]
[Result "1/2-1/2"]
[WhiteElo "2174"]
[BlackElo "1969"]
[PlyCount "159"]
[EventDate "2013.08.19"]
[EventType "swiss"]
[EventRounds "9"]
[EventCountry "CRO"]
[SourceTitle "CBM 156 Extra"]
[Source "ChessBase"]
[SourceDate "2013.10.22"]
[SourceVersion "1"]
[SourceVersionDate "2013.10.22"]
[SourceQuality "1"]

1. e4 e6 2. Nc3 d5 3. d4 dxe4 4. Nxe4 Nd7 5. Bd3 Ngf6 6. Bg5 Be7 7. Bxf6 Nxf6 8. Nf3 0-0 9. Qe2 Nxe4 10. Qxe4 g6 11. h4 Qd5 12. Qf4 Qd6 13. Qh6 f5 14. h5 g5 15. Nxg5 Bxg5 16. Qxg5+ Kh8 17. 0-0-0 Qd8 18. Qe3 Qf6 19. Rhe1 Bd7 20. Qf4 Rac8 21. Re5 h6 22. Rde1 Rce8 23. Bc4 c6 24. Qe3 f4 25. Qe4 Rg8 26. a4 Rg5 27. Bd3 Re7 28. c4 Rxe5 29. Qxe5 Qxe5 30. Rxe5 Rg7 31. Bg6 Rg8 32. b3 Kg7 33. Re4 Rf8 34. d5 cxd5 35. cxd5 Rf6 36. Rc4 exd5 37. Rb4 Bc6 38. f3 a5 39. Rd4 Kf8 40. Kd2 Ke7 41. Kc3 Kd6 42. Rd1 Re6 43. Bd3 Re5 44. Rh1 Rg5 45. Kd4 Rxg2 46. Rh4 Rb2 47. Kc3 Rf2 48. Rxf4 Kc5 49. Rf5 Bd7 50. Rf4 Bc6 51. b4+ axb4+ 52. Kb3 Rd2 53. Bc2 Bxa4+ 54. Kxa4 Rxc2 55. Rf7 Ra2+ 56. Kb3 Ra3+ 57. Kb2 Re3 58. f4 Rf3 59. f5 Kc4 60. Rc7+ Kd4 61. Rxb7 Rxf5 62. Rxb4+ Ke5 63. Rh4 Rf4 64. Rh2 Kd4 65. Kc2 Kc4 66. Kd1 Rf3 67. Rc2+ Kd4 68. Rc6 Kd3 69. Ke1 Rh3 70. Rxh6 Rh1+ 71. Kf2 d4 72. Kg2 Re1 73. Kg3 Re5 74. Kg4 Ke2 75. Rd6 d3 76. h6 d2 77. h7 Re8 78. Kg5 d1Q 79. Rxd1 Kxd1 80. Kf6 1/2-1/2

[Event "Velika Gorica op 11th"]
[Site "Velika Gorica"]
[Date "2013.08.28"]
[Round "8"]
[White "Makaj, Marko"]
[Black "Heged, Vlado"]
[Result "1-0"]
[WhiteElo "2351"]
[BlackElo "2174"]
[PlyCount "67"]
[EventDate "2013.08.19"]
[EventType "swiss"]
[EventRounds "9"]
[EventCountry "CRO"]
[SourceTitle "CBM 156 Extra"]
[Source "ChessBase"]
[SourceDate "2013.10.22"]
[SourceVersion "1"]
[SourceVersionDate "2013.10.22"]
[SourceQuality "1"]

1. b3 d5 2. Bb2 Bf5 3. e3 Nf6 4. f4 Nbd7 5. Nf3 e6 6. Be2 Be4 7. d3 Bxf3 8. Bxf3 Bc5 9. Qe2 c6 10. 0-0 Qe7 11. Nd2 Ba3 12. Be5 Nxe5 13. fxe5 Nd7 14. d4 0-0 15. c4 f6 16. exf6 Nxf6 17. Nb1 Rae8 18. Kh1 Bb4 19. a3 Bd6 20. Nc3 e5 21. cxd5 e4 22. Bg4 cxd5 23. Nb5 Bb8 24. g3 g6 25. Nc3 h5 26. Bh3 Kg7 27. Rf2 Rd8 28. b4 a6 29. Raf1 b5 30. Qa2 Rd6 31. a4 Qc7 32. Ne2 Rc6 33. Nf4 Rc1 34. Ne6+ 1-0

[Event "Velika Gorica op 11th"]
[Site "Velika Gorica"]
[Date "2013.08.23"]
[Round "5"]
[White "Heged, Vlado"]
[Black "Zarko, Ivica"]
[Result "0-1"]
[WhiteElo "2174"]
[BlackElo "1907"]
[PlyCount "42"]
[EventDate "2013.08.19"]
[EventType "swiss"]
[EventRounds "9"]
[EventCountry "CRO"]
[SourceTitle "CBM 156 Extra"]
[Source "ChessBase"]
[SourceDate "2013.10.22"]
[SourceVersion "1"]
[SourceVersionDate "2013.10.22"]
[SourceQuality "1"]

1. e4 d6 2. Nc3 Nf6 3. g3 g6 4. Bg2 Bg7 5. d3 0-0 6. h3 c5 7. Be3 Nc6 8. Nge2 e5 9. 0-0 Nd4 10. f4 b5 11. Qd2 b4 12. Nd1 Rb8 13. Nf2 Nh5 14. Kh2 Nxe2 15. Qxe2 exf4 16. gxf4 Qh4 17. Qf3 Bxb2 18. Rab1 Bg7 19. e5 Bb7 20. Qg4 Qe7 21. exd6 Qxe3 0-1

[Event "Topusko op 2nd"]
[Site "Topusko"]
[Date "2013.08.08"]
[Round "6"]
[White "Heged, Vlado"]
[Black "Jelecevic, Ivo"]
[Result "0-1"]
[WhiteElo "2174"]
[BlackElo "2198"]
[PlyCount "97"]
[EventDate "2013.08.03"]
[EventType "swiss"]
[EventRounds "7"]
[EventCountry "CRO"]
[SourceTitle "CBM 155 Extra"]
[Source "ChessBase"]
[SourceDate "2013.08.26"]
[SourceVersion "1"]
[SourceVersionDate "2013.08.26"]
[SourceQuality "1"]

1. e4 c5 2. Nc3 Nc6 3. g3 e6 4. Bg2 Nf6 5. f4 d5 6. e5 Nd7 7. Nf3 Be7 8. 0-0 0-0 9. d3 Kh8 10. g4 Rb8 11. g5 b5 12. Ne2 b4 13. Ng3 g6 14. h4 Re8 15. Nh2 c4 16. Be3 Ba6 17. Re1 Nc5 18. d4 Na4 19. Rb1 Qb6 20. h5 b3 21. axb3 cxb3 22. c3 Na5 23. Ng4 Nc4 24. hxg6 hxg6 25. Nf6 Kg7 26. f5 exf5 27. Bxd5 Rh8 28. Bxc4 Bxc4 29. Nd7 Qc6 30. Nxb8 Rxb8 31. Kf2 Bd5 32. Bf4 Rh8 33. Kg1 Rh4 34. Qd2 Nb6 35. Qf2 Rg4 36. e6 fxe6 37. Qh2 Rxf4 38. Nh5+ gxh5 39. Qxf4 Bd6 40. Qh4 Kg6 41. Ra1 Bb8 42. Ra5 Nc4 43. Rc5 Qd7 44. Re2 Bd6 45. Rxd5 exd5 46. Qe1 f4 47. Qb1+ Qf5 48. Re6+ Kxg5 49. Re8 0-1

[Event "Topusko op 2nd"]
[Site "Topusko"]
[Date "2013.08.07"]
[Round "5"]
[White "Ranogajec, Borislav"]
[Black "Heged, Vlado"]
[Result "0-1"]
[WhiteElo "1973"]
[BlackElo "2174"]
[PlyCount "60"]
[EventDate "2013.08.03"]
[EventType "swiss"]
[EventRounds "7"]
[EventCountry "CRO"]
[SourceTitle "CBM 155 Extra"]
[Source "ChessBase"]
[SourceDate "2013.08.26"]
[SourceVersion "1"]
[SourceVersionDate "2013.08.26"]
[SourceQuality "1"]

1. e4 e6 2. d4 d5 3. Bd3 Nf6 4. e5 Nfd7 5. b3 c5 6. c3 Nc6 7. Ne2 cxd4 8. cxd4 Qb6 9. Bb2 Bb4+ 10. Nd2 0-0 11. a3 Bxd2+ 12. Kxd2 f6 13. exf6 Nxf6 14. f3 Bd7 15. Qc2 Na5 16. Nc1 Rac8 17. Bc3 e5 18. Qb2 e4 19. Bxa5 Qxa5+ 20. b4 Qc7 21. Be2 Bf5 22. Nb3 Qf4+ 23. Ke1 exf3 24. Nc5 fxe2 25. Qd2 Qxd2+ 26. Kxd2 b6 27. Nd3 Bxd3 28. Kxd3 Ne4 29. Kxe2 Rf2+ 30. Ke3 Rc3# 0-1

[Event "Topusko op 2nd"]
[Site "Topusko"]
[Date "2013.08.06"]
[Round "4"]
[White "Heged, Vlado"]
[Black "Masirevic, Miroljub"]
[Result "1-0"]
[WhiteElo "2174"]
[BlackElo "2001"]
[PlyCount "45"]
[EventDate "2013.08.03"]
[EventType "swiss"]
[EventRounds "7"]
[EventCountry "CRO"]
[SourceTitle "CBM 155 Extra"]
[Source "ChessBase"]
[SourceDate "2013.08.26"]
[SourceVersion "1"]
[SourceVersionDate "2013.08.26"]
[SourceQuality "1"]

1. e4 c6 2. d4 d5 3. Nd2 dxe4 4. Nxe4 Bf5 5. Ng3 Bg6 6. h4 h5 7. Be2 Nf6 8. Nh3 Qa5+ 9. c3 e5 10. dxe5 Qxe5 11. 0-0 Bc5 12. Bf3 Qxg3 13. Re1+ Ne4 14. Bxe4 0-0 15. Be3 Bxe3 16. Rxe3 Qxh4 17. Bxg6 fxg6 18. Qb3+ Kh7 19. Qxb7 Nd7 20. Qxd7 Rad8 21. Qe7 Qc4 22. Ng5+ Kh6 23. Ne6 1-0

[Event "Topusko op 2nd"]
[Site "Topusko"]
[Date "2013.08.05"]
[Round "3"]
[White "Malesevic, Elvino"]
[Black "Heged, Vlado"]
[Result "0-1"]
[WhiteElo "1916"]
[BlackElo "2174"]
[PlyCount "48"]
[EventDate "2013.08.03"]
[EventType "swiss"]
[EventRounds "7"]
[EventCountry "CRO"]
[SourceTitle "CBM 155 Extra"]
[Source "ChessBase"]
[SourceDate "2013.08.26"]
[SourceVersion "1"]
[SourceVersionDate "2013.08.26"]
[SourceQuality "1"]

1. Nf3 d5 2. d4 e6 3. c4 f5 4. Nc3 c6 5. e3 Bd6 6. b3 Nf6 7. c5 Bc7 8. a3 Nbd7 9. Bd3 Ne4 10. Bxe4 fxe4 11. Ng1 0-0 12. f4 exf3 13. Nxf3 e5 14. g3 e4 15. Nh4 Qf6 16. Kd2 b6 17. b4 bxc5 18. bxc5 Ba6 19. Bb2 Rab8 20. Kc1 Ba5 21. Qa4 Bxc3 22. Bxc3 Nxc5 23. Qd1 Nb3+ 24. Kb1 Nxd4+ 0-1

[Event "CRO-chT2 Center 22nd"]
[Site "Sisak"]
[Date "2013.04.14"]
[Round "1.53"]
[White "Heged, Vlado"]
[Black "Zukanovic, Dino"]
[Result "1-0"]
[WhiteElo "2153"]
[BlackElo "1637"]
[PlyCount "45"]
[EventDate "2013.04.14"]
[EventType "team-tourn"]
[EventRounds "11"]
[EventCountry "CRO"]
[SourceTitle "EXT 2016"]
[Source "ChessBase"]
[SourceDate "2015.10.08"]
[SourceVersion "1"]
[SourceVersionDate "2015.10.08"]
[SourceQuality "1"]

1. e4 e6 2. Nc3 d5 3. d4 Nf6 4. Bg5 Be7 5. Bxf6 Bxf6 6. Nf3 0-0 7. Qd2 dxe4 8. Nxe4 b6 9. 0-0-0 Bb7 10. Neg5 h6 11. h4 hxg5 12. hxg5 Bxf3 13. gxf6 Qxf6 14. gxf3 Nc6 15. Bd3 Ne7 16. Bh7+ Kh8 17. Be4+ Kg8 18. Bh7+ Kh8 19. Qd3 Rfd8 20. Be4+ Kg8 21. Bxa8 Rxa8 22. Qh7+ Kf8 23. Qe4 1-0

[Event "CRO-chT2 Center"]
[Site "Croatia"]
[Date "2011.10.16"]
[Round "10.53"]
[White "Heged, Vlado"]
[Black "Ilincic, Pavle"]
[Result "1/2-1/2"]
[WhiteElo "2147"]
[BlackElo "2172"]
[PlyCount "120"]
[EventDate "2011.03.20"]
[EventType "team-tourn"]
[EventRounds "11"]
[EventCountry "CRO"]
[SourceTitle "EXT 2014"]
[Source "ChessBase"]
[SourceDate "2013.11.20"]
[SourceVersion "1"]
[SourceVersionDate "2013.11.20"]
[SourceQuality "1"]

1. e4 d5 2. exd5 Qxd5 3. Nc3 Qa5 4. Bc4 Nf6 5. Qf3 c6 6. h3 g6 7. Nge2 Bg7 8. d3 0-0 9. Bd2 Nbd7 10. Nd5 Qd8 11. Nxf6+ Bxf6 12. Bc3 Bxc3+ 13. Nxc3 Ne5 14. Qe4 Nxc4 15. Qxc4 e5 16. 0-0 Be6 17. Qe4 f6 18. Kh2 Bd5 19. Qe3 Qb6 20. Qxb6 axb6 21. a4 Ra5 22. Rae1 g5 23. g3 Bf3 24. Re3 Bh5 25. f4 exf4 26. gxf4 Rf5 27. Kg3 Kf7 28. Re4 Rg8 29. Rfe1 gxf4+ 30. Kf2 f3 31. Re7+ Kf8 32. Rxh7 Rg2+ 33. Ke3 f2 34. Rf1 Rg1 35. Rxh5 Rxh5 36. Rxf2 Rxh3+ 37. Kd2 Rh6 38. Ne4 Ke7 39. Re2 Kd7 40. Rf2 Rgg6 41. b4 Ke7 42. Re2 Kd7 43. Rf2 Kc7 44. a5 bxa5 45. bxa5 Kb8 46. Kc3 Ka7 47. Kc4 Rh4 48. Kc3 Rhh6 49. Kc4 Ka6 50. Nc5+ Ka7 51. Ne4 Rh4 52. Kc3 Rh8 53. Kc4 Rf8 54. Rf5 Kb8 55. c3 Kc7 56. Nc5 Re8 57. Ne4 Re5 58. Rf2 f5 59. Nc5 Rg7 60. d4 Rg4 1/2-1/2

[Event "CRO-chT2 Center"]
[Site "Zagreb"]
[Date "2010.10.17"]
[Round "9.21"]
[White "Heged, Vlado"]
[Black "Matko, Ognjen"]
[Result "1-0"]
[WhiteElo "2161"]
[BlackElo "2241"]
[PlyCount "115"]
[EventDate "2010.03.21"]
[EventType "team-tourn"]
[EventRounds "11"]
[EventCountry "CRO"]
[SourceTitle "EXT 2012"]
[Source "ChessBase"]
[SourceDate "2011.11.24"]
[SourceVersion "1"]
[SourceVersionDate "2011.11.24"]
[SourceQuality "1"]

1. e4 c5 2. Nc3 Nc6 3. g3 g6 4. Bg2 Bg7 5. d3 d6 6. Be3 Rb8 7. Qd2 b5 8. Nge2 b4 9. Nd1 e6 10. 0-0 Nge7 11. Bh6 0-0 12. Bxg7 Kxg7 13. Ne3 f5 14. exf5 gxf5 15. Nf4 Ne5 16. Rfe1 N5g6 17. Nc4 e5 18. Nh5+ Kh8 19. f4 Qc7 20. Qe3 Nc6 21. fxe5 Ncxe5 22. Nf4 Bd7 23. Nd5 Nxc4 24. dxc4 Qd8 25. a3 Re8 26. Qd2 a5 27. axb4 axb4 28. Ra7 Rxe1+ 29. Qxe1 Ne5 30. Qe3 Ra8 31. Rxa8 Qxa8 32. Qh6 Qa1+ 33. Bf1 Kg8 34. Qf6 Nf7 35. Qe7 Bc6 36. Nf6+ Kg7 37. Nh5+ Kg8 38. Qc7 Qa8 39. Bd3 Bh1 40. Nf4 Be4 41. Qe7 Bxd3 42. Nxd3 Qe4 43. Qxe4 fxe4 44. Nf2 Ne5 45. b3 Nf3+ 46. Kf1 e3 47. Ng4 Nd4 48. Nxe3 Kf7 49. Ke1 Ke6 50. Kd2 Nf3+ 51. Kd3 Nxh2 52. Ke4 h6 53. Kf4 h5 54. Ke4 Kf6 55. Kd5 Ng4 56. Nxg4+ hxg4 57. Kxd6 Kf5 58. Kd5 1-0

[Event "CRO-chT2 Center"]
[Site "Zagreb"]
[Date "2010.04.11"]
[Round "6.42"]
[White "Heged, Vlado"]
[Black "Gazarek, Danko"]
[Result "0-1"]
[WhiteElo "2161"]
[BlackElo "2301"]
[PlyCount "88"]
[EventDate "2010.03.21"]
[EventType "team-tourn"]
[EventRounds "11"]
[EventCountry "CRO"]
[SourceTitle "EXT 2012"]
[Source "ChessBase"]
[SourceDate "2011.11.24"]
[SourceVersion "1"]
[SourceVersionDate "2011.11.24"]
[SourceQuality "1"]

1. e4 c5 2. Nc3 Nc6 3. g3 g6 4. Bg2 Bg7 5. d3 e6 6. Be3 d6 7. Qd2 Qa5 8. Nge2 Nd4 9. Nc1 Ne7 10. 0-0 0-0 11. Nb3 Qc7 12. Rac1 e5 13. f4 exf4 14. Bxf4 Be6 15. Bh6 Nec6 16. Bxg7 Kxg7 17. Rf2 Rae8 18. Rcf1 f6 19. Nc1 Ne5 20. h3 Qd7 21. Kh2 b5 22. a3 a5 23. N3e2 Nxe2 24. Nxe2 b4 25. axb4 axb4 26. b3 Ra8 27. d4 cxd4 28. Nxd4 Rab8 29. Rd1 Bg8 30. g4 h6 31. Qf4 Qc7 32. Rfd2 Rbd8 33. Nb5 Qc5 34. Nxd6 Ra8 35. h4 Be6 36. Bh3 Qc3 37. Kg2 h5 38. Nf5+ gxf5 39. exf5 hxg4 40. Bxg4 Bf7 41. Be2 Kh7 42. Kf2 Rg8 43. Bc4 Rg4 44. Qe3 Rg2+ 0-1

[Event "CRO-chT2 Center"]
[Site "Zagreb"]
[Date "2010.03.28"]
[Round "4.32"]
[White "Heged, Vlado"]
[Black "Zamostni, Jan"]
[Result "1/2-1/2"]
[WhiteElo "2161"]
[BlackElo "2255"]
[PlyCount "20"]
[EventDate "2010.03.21"]
[EventType "team-tourn"]
[EventRounds "11"]
[EventCountry "CRO"]
[SourceTitle "EXT 2012"]
[Source "ChessBase"]
[SourceDate "2011.11.24"]
[SourceVersion "1"]
[SourceVersionDate "2011.11.24"]
[SourceQuality "1"]

1. e4 e5 2. Nf3 d6 3. d4 exd4 4. Qxd4 Ne7 5. Bg5 Nbc6 6. Bb5 a6 7. Bxc6+ Nxc6 8. Bxd8 Nxd4 9. Nxd4 Kxd8 10. Nc3 c6 1/2-1/2

[Event "CRO-chT2 Center"]
[Site "Zagreb"]
[Date "2010.03.28"]
[Round "3.52"]
[White "Urukalovic, Roman"]
[Black "Heged, Vlado"]
[Result "1/2-1/2"]
[WhiteElo "2260"]
[BlackElo "2161"]
[PlyCount "40"]
[EventDate "2010.03.21"]
[EventType "team-tourn"]
[EventRounds "11"]
[EventCountry "CRO"]
[SourceTitle "EXT 2012"]
[Source "ChessBase"]
[SourceDate "2011.11.24"]
[SourceVersion "1"]
[SourceVersionDate "2011.11.24"]
[SourceQuality "1"]

1. e4 e6 2. d4 d5 3. Nd2 dxe4 4. Nxe4 Bd7 5. Nf3 Bc6 6. Bd3 Nd7 7. 0-0 Be7 8. Re1 Ngf6 9. Nxf6+ Nxf6 10. c3 0-0 11. Ne5 Qd5 12. Nxc6 Qxc6 13. Re3 Rfd8 14. Rh3 Qd5 15. Qe2 c5 16. Bc4 Qc6 17. Be3 a6 18. Bd3 g6 19. dxc5 Bxc5 20. Bg5 Be7 1/2-1/2

[Event "Porec op"]
[Site "Porec"]
[Date "2009.12.04"]
[Round "4"]
[White "Heged, Vlado"]
[Black "Mrkaljevic, Jakub"]
[Result "0-1"]
[WhiteElo "2152"]
[BlackElo "1972"]
[PlyCount "92"]
[EventDate "2009.12.03"]
[EventType "swiss"]
[EventRounds "7"]
[EventCountry "CRO"]
[SourceTitle "CBM 133 Extra"]
[Source "ChessBase"]
[SourceDate "2010.01.05"]
[SourceVersion "1"]
[SourceVersionDate "2010.01.05"]
[SourceQuality "1"]

1. e4 Nc6 2. d4 e6 3. Nf3 d6 4. Bd3 Nge7 5. c3 Ng6 6. h4 Be7 7. g3 Bf6 8. h5 Nf8 9. Qe2 Bd7 10. Be3 a6 11. Nbd2 h6 12. 0-0-0 b5 13. Kb1 Na5 14. e5 Be7 15. Ne4 Bc6 16. Nfd2 Bxe4 17. Nxe4 d5 18. Nd2 Nc4 19. f4 Qc8 20. Rhf1 c5 21. dxc5 Bxc5 22. Bxc5 Qxc5 23. Nb3 Qb6 24. Bxc4 bxc4 25. Nd4 Nh7 26. Rd2 0-0 27. Qg4 Rab8 28. Re1 Rb7 29. Qf3 Rfb8 30. g4 a5 31. Qg3 a4 32. a3 Qc5 33. Ka2 Rb3 34. Nxb3 axb3+ 35. Kb1 Qe7 36. Rg1 f6 37. f5 Re8 38. exf6 Nxf6 39. Qe5 Ne4 40. Re2 exf5 41. Qd4 Kh8 42. Rge1 Qh4 43. Qxd5 Qxg4 44. Qxc4 Nd2+ 45. Ka1 Nxc4 46. Rxe8+ Kh7 0-1

[Event "CRO-chT2b"]
[Site "Croatia"]
[Date "2009.03.15"]
[Round "5"]
[White "Pavlinic, Darko"]
[Black "Heged, Vlado"]
[Result "1/2-1/2"]
[WhiteElo "2049"]
[BlackElo "2159"]
[PlyCount "49"]
[EventDate "2009.03.01"]
[EventType "team-tourn"]
[EventRounds "11"]
[EventCountry "CRO"]
[SourceTitle "EXT 2010"]
[Source "ChessBase"]
[SourceDate "2010.11.25"]
[SourceVersion "1"]
[SourceVersionDate "2010.11.25"]
[SourceQuality "1"]

1. Nf3 d5 2. c4 e6 3. d4 c6 4. Nc3 f5 5. Bf4 Bd6 6. Bxd6 Qxd6 7. e3 Nf6 8. Be2 Nbd7 9. Nd2 0-0 10. 0-0 b6 11. Rc1 Bb7 12. a3 a5 13. Rb1 Ne4 14. Ndxe4 fxe4 15. b4 axb4 16. axb4 Ra3 17. Qc2 Rfa8 18. Rfc1 Qe7 19. Qb2 h6 20. Bf1 R3a7 21. c5 e5 22. Ra1 exd4 23. Rxa7 Rxa7 24. exd4 Qf6 25. Nd1 1/2-1/2

[Event "CRO-chT2b"]
[Site "Croatia"]
[Date "2009.03.01"]
[Round "2"]
[White "Ranogajec, Borislav"]
[Black "Heged, Vlado"]
[Result "1/2-1/2"]
[WhiteElo "2058"]
[BlackElo "2159"]
[PlyCount "86"]
[EventDate "2009.03.01"]
[EventType "team-tourn"]
[EventRounds "11"]
[EventCountry "CRO"]
[SourceTitle "EXT 2010"]
[Source "ChessBase"]
[SourceDate "2010.11.25"]
[SourceVersion "1"]
[SourceVersionDate "2010.11.25"]
[SourceQuality "1"]

1. e4 e6 2. d4 d5 3. Bd3 Nf6 4. exd5 exd5 5. Ne2 Bd6 6. 0-0 Bg4 7. f3 Bh5 8. Nf4 0-0 9. Nh3 Bg6 10. Bf4 Bxf4 11. Nxf4 Qd6 12. Qd2 Re8 13. Na3 c6 14. c3 Nbd7 15. Nc2 Nb6 16. Nxg6 hxg6 17. Rae1 a5 18. Rxe8+ Rxe8 19. Re1 Rxe1+ 20. Qxe1 Kf8 21. g3 Nfd7 22. Kg2 Qe7 23. Qxe7+ Kxe7 24. b3 Kd6 25. Kf2 Nc8 26. Ke3 Nf6 27. Bf1 Ne7 28. Bh3 b5 29. Kd3 g5 30. Ne3 g6 31. a3 c5 32. dxc5+ Kxc5 33. b4+ axb4 34. axb4+ Kd6 35. Nc2 Nc6 36. Bf1 Ne5+ 37. Ke3 Nc4+ 38. Bxc4 bxc4 39. Kd4 Ne8 40. Ke3 Nc7 41. Nd4 Ke5 42. f4+ gxf4+ 43. gxf4+ Kd6 1/2-1/2

[Event "CRO-chT1B 17th"]
[Site "Sibenik"]
[Date "2008.10.03"]
[Round "7"]
[White "Galic, Ivan2222"]
[Black "Heged, Vlado"]
[Result "1-0"]
[WhiteElo "1888"]
[BlackElo "2161"]
[PlyCount "125"]
[EventDate "2008.09.27"]
[EventType "team"]
[EventRounds "9"]
[EventCountry "CRO"]
[SourceTitle "CBM 126 Extra"]
[Source "ChessBase"]
[SourceDate "2008.11.05"]
[SourceVersion "1"]
[SourceVersionDate "2008.11.05"]
[SourceQuality "1"]

1. e4 e6 2. d4 d5 3. Nd2 Nf6 4. e5 Nfd7 5. Bd3 c5 6. c3 Nc6 7. Ne2 cxd4 8. cxd4 f6 9. exf6 Nxf6 10. Nf3 Bd6 11. 0-0 0-0 12. Bf4 Ne4 13. Bxd6 Qxd6 14. Bxe4 dxe4 15. Nd2 Nxd4 16. Nxe4 Nxe2+ 17. Qxe2 Qf4 18. Rae1 b6 19. Nc3 Rf6 20. Qe4 Rb8 21. Rd1 Qc7 22. Nb5 Qc5 23. Rd8+ Rf8 24. Rxf8+ Qxf8 25. Nxa7 Bd7 26. Nc6 Rc8 27. Ne5 Bb5 28. Re1 Qc5 29. h3 Qd5 30. Qe3 Qc5 31. Nf3 Bd7 32. Qb3 b5 33. Ne5 Rf8 34. Qe3 Qxe3 35. Rxe3 Be8 36. Rf3 Rxf3 37. Nxf3 Kf7 38. Kf1 Ke7 39. Ke2 Kd6 40. Kd3 Bc6 41. Kd4 e5+ 42. Kc3 Kc5 43. a3 h6 44. h4 g5 45. hxg5 hxg5 46. Ne1 g4 47. g3 Kd5 48. Kd3 Bd7 49. b3 Bf5+ 50. Ke3 Bb1 51. Nd3 Ke6 52. a4 bxa4 53. bxa4 Ba2 54. a5 Bd5 55. a6 Kd6 56. a7 Bb7 57. Kd2 Kd5 58. Ne1 Kd4 59. Nc2+ Ke4 60. Ke2 Ba6+ 61. Ke1 Bb7 62. Ne3 Kf3 63. Nc4 1-0